书目信息 |
| 题名: |
旅游饭店前厅服务实训教程
|
|
| 作者: | 陈雪琼 主编 ;李洪波 , 赖启福 , 张进福 编写 | |
| 分册: | ||
| 出版信息: | 福州 福建人民出版社 2002 |
|
| 页数: | 229页 | |
| 开本: | 24cm | |
| 丛书名: | 高职高专旅游专业实训教程系列 | |
| 单 册: | ||
| 中图分类: | F719.2 | |
| 科图分类: | ||
| 主题词: | 旅游饭店--商业服务--高等学校--技术学校--教材 , 商业服务 | |
| 电子资源: | ||
| ISBN: | 7-211-04223-0 | |
| 000 | 01203nam0 2200313 450 | |
| 001 | 0900000014352 | |
| 005 | 20051209091433.95 | |
| 010 | @a7-211-04223-0@dCNY20.50 | |
| 092 | @aCN | |
| 100 | @a20041029e20042002ekmy0chiy0120 ea | |
| 101 | 0 | @achi |
| 102 | @aCN@b350000 | |
| 105 | @aak z 000yy | |
| 200 | 1 | @a旅游饭店前厅服务实训教程@9lu^ you fan dian qian ting fu wu shi xun jiao cheng@f陈雪琼主编@Fchen xue qiong zhu bian@g张进福,赖启福,李洪波编写 |
| 210 | @a福州@c福建人民出版社@d2002@h2004重印 | |
| 215 | @a229页@c图@d24cm | |
| 225 | @a高职高专旅游专业实训教程系列@f黄安民主编 | |
| 330 | @a本书主要包括:前厅部概述、前厅预订业务实训、前厅接待业务实训、商务中心业务实训、前台收银业务实训、前厅问询业务与大厅服务实训、总机业务实训七章内容。 | |
| 410 | 0 | @12001 @a高职高专旅游专业实训教程系列@1701 0@a黄安民@Ahuang an min@4主编 |
| 606 | 0 | @a旅游饭店@x商业服务@x高等学校@x技术学校@j教材 |
| 606 | 0 | @a商业服务 |
| 690 | @aF719.2@v4 | |
| 701 | 0 | @a陈雪琼@Achen xue qiong@4主编 |
| 702 | 0 | @a李洪波@Ali hong bo@4编写 |
| 702 | 0 | @a赖启福@Alai qi fu@4编写 |
| 702 | 0 | @a张进福@Azhang jin fu@4编写 |
| 801 | 0 | @aCN@bCXYBOOK@c20051209 |
| 905 | @a10447@dF719.2@e114 | |
| 999 | @aHSJ@eJDD | |
| 旅游饭店前厅服务实训教程/陈雪琼主编/张进福,赖启福,李洪波编写.-福州:福建人民出版社,2002(2004重印) |
| 229页:图;24cm.-(高职高专旅游专业实训教程系列/黄安民主编) |
| ISBN 7-211-04223-0:CNY20.50 |
| 本书主要包括:前厅部概述、前厅预订业务实训、前厅接待业务实训、商务中心业务实训、前台收银业务实训、前厅问询业务与大厅服务实训、总机业务实训七章内容。 |
| ● |
| 相关链接 |
|
|
|
|
正题名:旅游饭店前厅服务实训教程
索取号:F719.2/114
 
预约/预借
| 序号 | 登录号 | 条形码 | 馆藏地/架位号 | 状态 | 备注 |
| 1 | 0370659 | 203706597 | 第一样本阅览室/ [索取号:F719.2/114] | 在馆 | |
| 2 | 0370660 | 203706604 | 第一借阅区/ [索取号:F719.2/114] | 在馆 | |
| 3 | 0370661 | 203706613 | 第一借阅区/ [索取号:F719.2/114] | 在馆 | |
| 4 | 0370662 | 203706622 | 第一借阅区/ [索取号:F719.2/114] | 在馆 | |
| 5 | 0370663 | 203706631 | 第一借阅区/ [索取号:F719.2/114] | 在馆 |